[Event "Krakow op-C 22nd"]
[Site "Krakow"]
[Date "2011.12.31"]
[Round "5"]
[White "Korek, Marcin"]
[Black "Jastrzebski, Lukasz"]
[Result "1/2-1/2"]
[WhiteElo "1736"]
[BlackElo "1610"]
[PlyCount "42"]
[EventDate "2011.12.27"]
[EventType "swiss"]
[EventRounds "9"]
[EventCountry "POL"]
[SourceTitle "CBM 146 Extra"]
[Source "ChessBase"]
[SourceDate "2012.02.29"]
[SourceVersion "1"]
[SourceVersionDate "2012.02.29"]
[SourceQuality "1"]

1. d4 d5 2. c4 c6 3. Nc3 Nf6 4. Nf3 Bf5 5. e3 e6 6. Ne5 Nbd7 7. Be2 Nxe5 8. dxe5 Ne4 9. Nxe4 dxe4 10. Bd2 Qb6 11. Qc2 Rd8 12. 0-0 Bc5 13. a3 a5 14. b4 axb4 15. axb4 Bxb4 16. Bxb4 Qxb4 17. Rfb1 Qe7 18. Ra7 0-0 19. Rbxb7 Qc5 20. h4 Qxe5 21. g4 Bg6 1/2-1/2